000 004660000a22001810004500
020 _a84-7228-399-2
041 0 _aSPA
082 0 4 _aG 274.46 F6341h
100 1 _aFlores, José
245 1 0 _aHistoria de la Biblia en España / José Flores
260 _aTerrassa, Barcelona, España : CLIE
300 _a316 Pag
001 8431
942 _cBK
999 _c38583
_d38583
336 _atexto
_btxt
_2rdacontent
337 _2rdamedia
_asin mediación
_bn
338 _2rdacarrier
_avolumen
_bnc